|
|
|
|
| LEADER |
01252nam a2200301 a 4500 |
| 001 |
1578737 |
| 008 |
100731s1994 nyua 001 0 eng d |
| 010 |
|
|
|a 93019084
|
| 020 |
|
|
|a 0028014421
|
| 040 |
|
|
|a DLC
|c DLC
|d DLC
|d DB-DhAAL
|
| 082 |
0 |
0 |
|a 657
|2 20
|
| 100 |
1 |
|
|a Price, John Ellis.
|
| 245 |
1 |
0 |
|a College accounting /
|c John Ellis Price, M. David Haddock, Jr., Horace R. Brock.
|
| 250 |
|
|
|a 7th ed.
|
| 260 |
|
|
|a New York, N.Y. :
|b Glencoe,
|c c1994.
|
| 300 |
|
|
|a 1 v. (various pagings) :
|b col. ill. ;
|c 27 cm.
|
| 500 |
|
|
|a Rev. ed. of: Accounting : basic principles / Horace R. Brock, Charles E. Palmer, John Ellis Price. 6th ed. c1990.
|
| 500 |
|
|
|a "Chapters 1-25"--Cover.
|
| 504 |
|
|
|a Includes index.
|
| 541 |
1 |
|
|e 00011811
|
| 650 |
|
0 |
|a Accounting.
|
| 700 |
1 |
|
|a Haddock, M. David.
|
| 700 |
1 |
|
|a Brock, Horace R.
|
| 700 |
1 |
|
|a Brock, Horace R.
|t Accounting.
|
| 852 |
4 |
|
|a Ayesha Abed Library
|j General Shelf.
|
| 999 |
|
|
|c 9284
|d 9284
|
| 952 |
|
|
|0 0
|1 0
|2 ddc
|4 0
|6 657_PRI_199400000000000
|7 0
|9 17940
|a BRACUL
|b BRACUL
|c GEN
|d 2011-09-06
|l 0
|o 657 PRI
|p 3010011811
|r 2011-09-06
|t 1
|w 2011-09-06
|y BK
|
| 952 |
|
|
|0 0
|1 0
|2 ddc
|4 0
|6 657_PRI_199400000000000
|7 0
|9 17941
|a BRACUL
|b BRACUL
|c GEN
|d 2011-09-06
|l 1
|o 657 PRI
|p 3010011850
|r 2015-08-26
|s 2015-05-07
|t 2
|w 2011-09-06
|y BK
|